书目信息 |
| 题名: |
从惊讶到思考
|
|
| 作者: | 韩雪涛 著 | |
| 分册: | ||
| 出版信息: | 长沙 湖南科学技术出版社 2007.05 |
|
| 页数: | 258页 | |
| 开本: | 21cm | |
| 丛书名: | ||
| 单 册: | ||
| 中图分类: | O144.2 | |
| 科图分类: | ||
| 主题词: | 悖论--bei lun--普及读物 | |
| 电子资源: | ||
| ISBN: | 978-7-5357-4880-5 | |
| 000 | 00870nam0 2200241 450 | |
| 001 | 012007083335 | |
| 005 | 20070924102452.68 | |
| 010 | @a978-7-5357-4880-5@dCNY20.00 | |
| 100 | @a20070817d2007 km y0chiy0120 ea | |
| 101 | 0 | @achi |
| 102 | @aCN@b430000 | |
| 105 | @aa a 000yy | |
| 200 | 1 | @a从惊讶到思考@Acong jing ya dao si kao@e数学悖论奇景@f韩雪涛著@Fhan xue tao zhu |
| 210 | @a长沙@c湖南科学技术出版社@d2007.05 | |
| 215 | @a258页@c图@d21cm | |
| 320 | @a有书目 (第257-258页)。 | |
| 330 | @a本书将从代数、几何、微积分、集合论、概率、统计、博弈论、逻辑学这些数学领域中采撷出众多的悖论,对其内容作出说明,并对悖之因进行详细分析,并尽可能从深层解释这些悖论。 | |
| 517 | 1 | @a数学悖论奇景@Ashu xue bei lun qi jing |
| 606 | 0 | @a悖论@Abei lun@j普及读物 |
| 690 | @aO144.2@v4 | |
| 701 | 0 | @a韩雪涛@Ahan xue tao@4著 |
| 801 | 0 | @aCN@c20070924 |
| 905 | @dO144.2@eH106 | |
| 从惊讶到思考:数学悖论奇景/韩雪涛著.-长沙:湖南科学技术出版社,2007.05 |
| 258页:图;21cm |
| ISBN 978-7-5357-4880-5:CNY20.00 |
| 本书将从代数、几何、微积分、集合论、概率、统计、博弈论、逻辑学这些数学领域中采撷出众多的悖论,对其内容作出说明,并对悖之因进行详细分析,并尽可能从深层解释这些悖论。 |
| ● |
| 相关链接 |
|
|
|
正题名:从惊讶到思考
索取号:O144.2/H106
 
预约/预借
| 序号 | 登录号 | 条形码 | 馆藏地/架位号 | 状态 | 备注 |
| 1 | 259438 | 202594380 | 自科库401/401自科库 40排4列3层/ [索取号:O144.2/H106] | 在馆 | |
| 2 | 259439 | 202594399 | 自科库401/401自科库 40排4列3层/ [索取号:O144.2/H106] | 在馆 | |
| 3 | 259440 | 202594406 | 社科二线400B/400B社科库 2排4列1层/ [索取号:O144.2/H106] | 在馆 |